Every City in South Carolina on a Map - Statistics

General Stats
  • This quiz has been taken 839 times
  • The average score is 39 of 271
Answers on the Map
Answers color-coded by a green-red scale on the quiz's map according to % correct below.
 
Answer Stats
Name Population % Correct
Columbia 142,416
96%
Charleston 155,369
95%
Greenville 72,824
84%
Myrtle Beach 39,697
83%
North 676
78%
North Charleston 121,469
71%
Spartanburg 39,040
69%
Hilton Head Island 38,097
63%
Rock Hill 75,654
57%
Clemson 17,838
56%
Florence 40,609
54%
Sumter 42,766
49%
Mount Pleasant 95,232
48%
Anderson 29,980
47%
North Myrtle Beach 20,303
47%
Beaufort 13,850
44%
Aiken 32,947
42%
Orangeburg 13,280
40%
Summerville 51,884
39%
North Augusta 25,891
37%
Conway 27,985
35%
St. George 1,834
35%
Lexington 24,921
34%
Georgetown 8,714
33%
Greer 44,387
32%
Marion 6,195
32%
Fort Mill 33,626
31%
West Columbia 18,316
29%
York 9,154
29%
Goose Creek 49,249
28%
Simpsonville 27,506
28%
Greenwood 22,498
27%
Mauldin 28,010
27%
Gaffney 12,484
25%
Lancaster 9,103
25%
Chester 5,227
24%
Darlington 6,057
24%
Irmo 12,033
24%
Jackson 1,604
24%
Bluffton 35,243
23%
Easley 26,386
23%
Laurens 9,288
23%
Newberry 10,866
23%
Pickens 3,391
23%
Abbeville 4,863
22%
Clinton 7,714
21%
Dillon 6,306
21%
Folly Beach 2,083
21%
Isle of Palms 4,370
21%
Moncks Corner 16,621
21%
Springfield 435
21%
Travelers Rest 8,750
21%
Union 7,881
21%
Camden 8,431
20%
Seneca 9,043
20%
Jefferson 781
19%
Bamberg 2,985
18%
Cayce 13,660
18%
Saluda 3,068
18%
Chesterfield 1,361
17%
Hampton 2,610
17%
James Island 11,903
17%
Walhalla 4,199
17%
Walterboro 5,475
17%
Williams 96
17%
Allendale 2,490
16%
Barnwell 4,577
16%
Central 5,322
16%
Denmark 3,099
16%
Fountain Inn 13,027
16%
Sullivan's Island 1,922
16%
Batesburg-Leesville 5,297
15%
Edgefield 4,051
15%
Hanahan 21,796
15%
Hardeeville 11,897
15%
Kiawah Island 1,975
15%
Pawleys Island 135
15%
Port Royal 16,287
15%
Surfside Beach 4,321
15%
Tega Cay 14,057
15%
Blacksburg 1,912
14%
Blythewood 6,267
14%
Clover 7,391
14%
Edisto Beach 1,049
14%
Hartsville 7,399
14%
Bennettsville 6,540
13%
Chapin 1,908
13%
Duncan 4,431
13%
Kershaw 1,905
13%
McCormick 2,077
13%
Ninety Six 2,061
13%
Santee 812
13%
Awendaw 1,451
12%
Cheraw 4,995
12%
Cowpens 2,190
12%
Elgin 1,645
12%
Inman 3,249
12%
Lake City 5,961
12%
Manning 3,802
12%
Winnsboro 3,264
12%
Andrews 2,546
11%
Atlantic Beach 355
11%
Aynor 1,051
11%
Belton 4,511
11%
Bishopville 2,862
11%
Forest Acres 10,376
11%
Gaston 1,632
11%
Kingstree 3,072
11%
Landrum 2,697
11%
Liberty 3,309
11%
Loris 2,749
11%
Norway 276
11%
Pendleton 3,657
11%
Great Falls 1,927
10%
Hollywood 5,445
10%
Honea Path 3,848
10%
Johnsonville 1,368
10%
Ridgeland 3,749
10%
Salem 123
10%
Swansea 760
10%
Westminster 2,413
10%
Woodruff 4,569
10%
Blackville 1,907
9%
Chesnee 905
9%
Due West 1,216
9%
Fairfax 1,384
9%
Gilbert 610
9%
Holly Hill 1,252
9%
Jamestown 71
9%
Johnston 2,135
9%
Lyman 6,709
9%
McClellanville 618
9%
Mullins 3,885
9%
Pelzer 1,403
9%
Rockville 138
9%
St. Matthews 1,827
9%
Yemassee 1,082
9%
Bonneau 434
8%
Campobello 738
8%
Eastover 621
8%
Gray Court 777
8%
McBee 787
8%
Pacolet 2,477
8%
Pageland 2,504
8%
Prosperity 1,212
8%
Ravenel 2,642
8%
Ridgeway 256
8%
Seabrook Island 2,103
8%
Six Mile 754
8%
Smyrna 57
8%
Williamston 4,219
8%
Cope 32
7%
Estill 1,767
7%
Eutawville 235
7%
Fort Lawn 973
7%
Furman 222
7%
Hemingway 472
7%
Iva 1,174
7%
Jonesville 821
7%
Lake View 765
7%
Latta 1,252
7%
Lincolnville 1,187
7%
Pamplico 1,054
7%
Pelion 625
7%
Richburg 274
7%
Ridgeville 1,629
7%
South Congaree 2,385
7%
Springdale 2,720
7%
St. Stephen 1,573
7%
Timmonsville 2,105
7%
Trenton 208
7%
Turbeville 746
7%
Wagener 676
7%
West Pelzer 1,006
7%
Whitmire 1,424
7%
Arcadia Lakes 854
6%
Bethune 331
6%
Blenheim 110
6%
Bowman 765
6%
Branchville 971
6%
Briarcliffe Acres 545
6%
Calhoun Falls 1,730
6%
Cameron 371
6%
Carlisle 315
6%
Coward 751
6%
Donalds 322
6%
Ehrhardt 442
6%
Elko 141
6%
Elloree 550
6%
Greeleyville 364
6%
Harleyville 718
6%
Hilda 422
6%
Jenkinsville 40
6%
Little Mountain 258
6%
Lynchburg 308
6%
McConnells 288
6%
Meggett 1,431
6%
Monetta 204
6%
Neeses 313
6%
New Ellenton 2,321
6%
Nichols 223
6%
Norris 747
6%
Olanta 542
6%
Olar 208
6%
Perry 206
6%
Pine Ridge 2,293
6%
Pomaria 130
6%
Quinby 905
6%
Reidville 1,785
6%
Ridge Spring 581
6%
Salley 349
6%
Scranton 655
6%
Society Hill 430
6%
Starr 172
6%
Summerton 789
6%
Troy 87
6%
Varnville 1,622
6%
Ware Shoals 1,703
6%
Wellford 3,627
6%
West Union 385
6%
Williston 2,861
6%
Windsor 120
6%
Brunson 416
5%
Burnettown 3,189
5%
Central Pacolet 228
5%
Clio 582
5%
Cordova 133
5%
Cottageville 711
5%
Cross Hill 413
5%
Govan 52
5%
Heath Springs 832
5%
Hickory Grove 462
5%
Hodges 163
5%
Kline 145
5%
Lamar 843
5%
Lane 454
5%
Livingston 128
5%
Lockhart 370
5%
Lodge 82
5%
Lowrys 183
5%
McColl 1,993
5%
Patrick 281
5%
Peak 54
5%
Pinewood 499
5%
Ruby 321
5%
Scotia 156
5%
Sellers 146
5%
Sharon 466
5%
Smoaks 98
5%
Summit 449
5%
Sycamore 140
5%
Ulmer 59
5%
Vance 124
5%
Van Wyck 990
5%
Ward 120
5%
Waterloo 154
5%
Woodford 155
5%
Gifford 251
4%
Lowndesville 123
4%
Luray 95
4%
Mount Croghan 133
4%
Parksville 127
4%
Paxville 229
4%
Plum Branch 82
4%
Reevesville 195
4%
Rowesville 246
4%
Silverstreet 166
4%
Snelling 250
4%
Tatum 71
4%
Mayesville 544
3%
Stuckey 193
3%
No matching quizzes found
Score Distribution
Percent of People with Each Score
Percentile by Number Answered
Your Score History
You have not taken this quiz